| 000 | 00501nam a2200169Ia 4500 | ||
|---|---|---|---|
| 003 | OSt | ||
| 005 | 20260310141959.0 | ||
| 008 | 211028s2012 xx 000 0 und d | ||
| 040 | _cAIMIT LIBRARY | ||
| 041 | _aeng | ||
| 100 |
_aRosario, Avitha Roshni; B, Santhosh. _g91738 _93668 |
||
| 110 |
_aRakesh Kumar. _93669 |
||
| 245 | _aCustomized querying and filtering learners data for course administration / | ||
| 260 |
_aMangalore _c2012 |
||
| 710 |
_aCodeCraft Technologies _93670 |
||
| 942 |
_2ddc _cPRO |
||
| 999 |
_c217310 _d217310 |
||